El movimiento reformista de 1898
Na minha lista:
| Formato: | Livro |
|---|---|
| Idioma: | espanhol |
| Publicado em: |
Beijing
Lenguas Extranjeras
1980
|
| Assuntos: | |
| Tags: |
Adicionar Tag
Sem tags, seja o primeiro a adicionar uma tag!
|
MARC
| LEADER | 00000nam a2200000 a 4500 | ||
|---|---|---|---|
| 001 | UCZ8004 | ||
| 003 | CL-VaPUC | ||
| 008 | 960112e19800000CH |||||||||||||||||spa|d | ||
| 082 | 0 | 4 | |a 951 |b ELM |2 21 |
| 245 | 1 | 3 | |a El movimiento reformista de 1898 |
| 300 | |a 98 p | ||
| 942 | |c BK | ||
| 945 | |d 19960112 00:00:00 |a cmena | ||
| 260 | |a Beijing |b Lenguas Extranjeras |c 1980 | ||
| 650 | 0 | |a Historia |9 255047 | |
| 650 | 0 | |a Revolución cultural |9 340386 | |
| 650 | 0 | |a Procesos sociales |9 337802 | |
| 650 | 7 | |a CRISIS CULTURAL |2 CL-VaPUC |9 337729 | |
| 651 | 0 | |a China |9 257545 | |
| 583 | |a last modification |c 19960112 00:00:00 |k Rodrigo Vera | ||
| 999 | |c 243973 |d 243971 | ||
| 952 | |0 0 |1 0 |4 0 |6 951_000000000000000_ELM_1980 |7 0 |8 A |9 257865 |a BIBGIM |b BIBGIM |d 2019-11-19 |i 1615696 |o 951 ELM 1980 |p 1615696 |r 2025-01-15 |w 2019-11-19 |y BK |k ORI | ||
| 952 | |0 0 |1 0 |4 0 |6 951_000000000000000_ELM_1980 |7 0 |8 P |9 257866 |a BIBEDU |b BIBEDU |d 2019-11-19 |i 1615688 |o 951 ELM 1980 |p 1615688 |r 2019-11-19 |w 2019-11-19 |y BK |k EDU | ||